Normal view
MARC view
Entry Corporate Name
001 - CONTROL NUMBER
- control field: 28922
003 - CONTROL NUMBER IDENTIFIER
- control field: dpl
005 - DATE AND TIME OF LATEST TRANSACTION
- control field: 20110628154525.0
008 - FIXED-LENGTH DATA ELEMENTS
- fixed length control field: 110628|||a|||||| | ||| d
040 ## - CATALOGING SOURCE
- Original cataloging agency: dpl
- Transcribing agency: dpl
110 ## - HEADING--CORPORATE NAME
- Corporate name or jurisdiction name as entry element: जोशी, मधुबाला
670 ## - SOURCE DATA FOUND
- Source citation: Work cat.: (dpl): फ्रेज़र, ओलिविया 28919, मेड इन इंडिया /, 2010
670 ## - SOURCE DATA FOUND
- Source citation: Work cat.: (dpl): फ्रेज़र, ओलिविया 28919, मेड इन इंडिया /, 2010
